Miniaturizovaný elektrochemický senzor na stanovenie teobromínu v čokoládových výrobkoch

Saved in:
Bibliographic Details
Main Author: Haššo, Marek (Author)
Other Authors: Švorc, Ľubomír (Thesis advisor)
Format: Manuscript Book
Language:Slovak
Published: 2018
Subjects:
Online Access:http://is.stuba.sk/zp/portal_zp.pl?podrobnosti=111171
Tags: Add Tag
No Tags, Be the first to tag this record!

MARC

LEADER 00000ntm a22000003a 4500
001 stuzp69845
003 SK-STU
005 20180623211109.3
007 ta
008 150427s2015----xo-----f-mn---000-0-slo-d
040 |a STU  |b slo 
041 0 |a slo 
100 1 |a Haššo, Marek  |u 041000  |4 aut  |U FCHPT Fakulta chemickej a potravinárskej technológie  |T FCHPT Ústav analytickej chémie  |X 65041  |U C1000  |Y 99  |7 65041 
242 0 1 |a Miniaturized electrochemical sensor for theobromine determination in chocolate products  |y eng 
245 1 0 |a Miniaturizovaný elektrochemický senzor na stanovenie teobromínu v čokoládových výrobkoch 
260 |c 2018 
650 4 |a teobromín  |2 slo 
650 4 |a diferenčná pulzová voltampérometria  |2 slo 
650 4 |a voltampérometria s pravouhlým pulzom  |2 slo 
650 4 |a stanovenie  |2 slo 
650 4 |a bórom dopovaná diamantová elektróda  |2 slo 
650 4 |a theobromine  |2 eng 
650 4 |a differential pulse voltammetry  |2 eng 
650 4 |a square-wave voltammetry  |2 eng 
650 4 |a determination  |2 eng 
650 4 |a boron-doped diamond electrode  |2 eng 
700 1 |a Švorc, Ľubomír  |u 041000  |k Z1  |4 ths  |U FCHPT Fakulta chemickej a potravinárskej technológie  |T FCHPT Ústav analytickej chémie  |X 19350  |U C1000  |Y 99  |7 A000019350 
856 4 |u http://is.stuba.sk/zp/portal_zp.pl?podrobnosti=111171